[Event "3. Wittelsbacher Weihnachts-Schach-Open"]
[Site "Kelheim"]
[Date "2014.12.27"]
[Round "1.26"]
[White "Blodig, Constantin"]
[Black "Hilburger, Johannes"]
[Result "1-0"]
[WhiteElo "1972"]
[BlackElo "1802"]
[PlyCount "77"]
[EventDate "2014.??.??"]
[WhiteTeam "SK Kelheim"]
[BlackTeam "TSV Oberviechtach"]

1. e4 e5 2. Nf3 Nc6 3. d4 exd4 4. Nxd4 Nf6 5. Nxc6 bxc6 6. e5 Nd5 7. c4 Nb6 8.
Bd3 Bb4+ 9. Bd2 Bxd2+ 10. Qxd2 O-O 11. O-O Ba6 12. b3 d5 13. exd6 cxd6 14. Nc3
f5 15. Rfe1 Qf6 16. Be2 d5 17. cxd5 Bxe2 18. Rxe2 Nxd5 19. Rc1 Nxc3 20. Qxc3
Qxc3 21. Rxc3 Rad8 22. f4 Rf6 23. Rce3 Rfd6 24. Kf1 R8d7 25. Re7 Kf8 26. Rxd7
Rxd7 27. Re5 g6 28. Rc5 Rd6 29. Ke2 Kf7 30. Ke3 Ke6 31. g3 Kf6 32. b4 Ke6 33.
a3 Kf6 34. Ra5 Rd7 35. Ra6 Rc7 36. Kd4 Rd7+ 37. Kc5 Ke7 38. Rxc6 Kd8 39. Rd6
1-0

[Event "3. Wittelsbacher Weihnachts-Schach-Open"]
[Site "Kelheim"]
[Date "2014.12.27"]
[Round "1.27"]
[White "Nöckler, Alexander"]
[Black "Eder Andreas"]
[Result "1/2-1/2"]
[WhiteElo "1947"]
[BlackElo "1959"]
[PlyCount "147"]
[EventDate "2014.??.??"]
[WhiteTeam "SK Weiden"]
[BlackTeam "SK Mostarrichi"]

1. c4 Nf6 2. Nc3 c6 3. Nf3 d5 4. e3 Bf5 5. b3 e6 6. Be2 Be7 7. O-O h6 8. Bb2
O-O 9. d3 Nbd7 10. Qd2 a5 11. cxd5 exd5 12. Rfd1 Nc5 13. Qc2 Qb6 14. Rac1 Ne6
15. Na4 Qc7 16. Be5 Qd8 17. Nd4 Nxd4 18. Bxd4 Ba3 19. Rb1 Nd7 20. e4 Be6 21.
Bf3 c5 22. exd5 cxd4 23. dxe6 Ne5 24. Bxb7 Rb8 25. Qe2 Rxb7 26. Qxe5 f6 27. Qf5
Re7 28. Re1 Rfe8 29. Re4 Bb4 30. Rc1 Qd6 31. g3 Rxe6 32. Rxe6 Rxe6 33. Qh5 Qd7
34. Nc5 Qe8 35. Qxe8+ Rxe8 36. Na6 Bc3 37. Nc7 Re5 38. Kf1 Kf7 39. a4 Rh5 40.
h4 g5 41. Nd5 Bd2 42. Rc2 gxh4 43. Nxf6 Kxf6 44. Rxd2 hxg3 45. fxg3 Rh1+ 46.
Ke2 Rb1 47. Rc2 Kf5 48. Rc4 Kg4 49. Rxd4+ Kxg3 50. Rd5 Kf4 51. Kd2 Rxb3 52.
Rxa5 Ra3 53. Rh5 Kg4 54. Rxh6 Rxa4 55. Rf6 Kg5 56. Rf1 Kg6 57. Kc3 Ra7 58. Kc4
Rc7+ 59. Kb5 Rd7 60. Rf3 Rd8 61. Kc6 Kg7 62. Kc7 Rd4 63. Kc6 Rd8 64. Kc5 Rc8+
65. Kd4 Rd8+ 66. Kc3 Rc8+ 67. Kd2 Rd8 68. Rf4 Rd7 69. d4 Rf7 70. Re4 Rf3 71. d5
Kf7 72. d6 Rf6 73. Rd4 Ke8 74. Kc3 1/2-1/2

[Event "3. Wittelsbacher Weihnachts-Schach-Open"]
[Site "Kelheim"]
[Date "2014.12.27"]
[Round "1.28"]
[White "Popp, Michael"]
[Black "Bergmayr Karl"]
[Result "1-0"]
[WhiteElo "2071"]
[BlackElo "1874"]
[PlyCount "151"]
[EventDate "2014.??.??"]
[WhiteTeam "TV Geiselhöring"]
[BlackTeam "ASK St. Valentin"]

1. d4 Nf6 2. Nf3 d6 3. c4 g6 4. Nc3 Bg7 5. e4 O-O 6. Be2 Nbd7 7. O-O e5 8. d5
a5 9. Ne1 Nc5 10. f3 Ne8 11. Be3 f5 12. Nd3 Nxd3 13. Qxd3 Nf6 14. c5 fxe4 15.
fxe4 Ng4 16. Rxf8+ Bxf8 17. Bxg4 Bxg4 18. cxd6 cxd6 19. Na4 Rc8 20. Bb6 Qg5 21.
Be3 Qd8 22. Nb6 Rc7 23. a4 Be7 24. Nc4 Rc8 25. Bb6 Qe8 26. Nxa5 Ra8 27. b3 Bd8
28. Nc4 Be7 29. h3 Bd7 30. Rf1 g5 31. Be3 Qg6 32. Nb6 Rd8 33. Nxd7 Rxd7 34. g3
Rc7 35. Rc1 Rxc1+ 36. Bxc1 g4 37. h4 Bd8 38. Be3 Ba5 39. Bf2 Qh6 40. Qc4 Qg6
41. b4 Bd8 42. Qc8 Qxe4 43. Qxd8+ Kg7 44. Qe7+ Kg8 45. Qe6+ Kg7 46. Qe7+ Kg8
47. Qg5+ Kf7 48. Qd2 Qb1+ 49. Kh2 Qf1 50. Be1 Qc4 51. h5 Ke8 52. Kg1 Qe4 53. h6
Kf7 54. a5 Ke7 55. b5 Qc4 56. b6 Kf6 57. Kh2 Kg6 58. Bf2 Qf1 59. Qe3 Qb5 60.
Qe4+ Kxh6 61. Qxg4 Qb2 62. Kg2 e4 63. a6 bxa6 64. b7 e3 65. Qf4+ Kg7 66. Qxe3
Qxb7 67. Qe6 Qb4 68. g4 Qf4 69. Bg3 Qd2+ 70. Kh3 Qd1 71. Kh4 h6 72. Qe7+ Kg6
73. Qxd6+ Kh7 74. Qe7+ Kg6 75. Qe6+ Kg7 76. Be5+ 1-0

[Event "3. Wittelsbacher Weihnachts-Schach-Open"]
[Site "Kelheim"]
[Date "2014.12.27"]
[Round "1.29"]
[White "Klarl, Wolfgang"]
[Black "Maurer, Heinrich"]
[Result "0-1"]
[WhiteElo "1985"]
[BlackElo "2104"]
[PlyCount "130"]
[EventDate "2014.??.??"]
[BlackTeam "SK Kelheim"]

1. f4 d5 2. b3 Nf6 3. Bb2 g6 4. Nf3 Bg7 5. e3 O-O 6. Be2 c5 7. O-O Nc6 8. Ne5
Nxe5 9. Bxe5 Ne8 10. Bxg7 Nxg7 11. Bg4 e6 12. Nc3 Bd7 13. Ne2 Rc8 14. Kh1 b6
15. Ng1 Bc6 16. Bf3 Nf5 17. g3 Qe7 18. Bg2 Qb7 19. Qe2 Rfd8 20. Nf3 d4 21. g4
Ne7 22. Ne5 Bxg2+ 23. Qxg2 Qxg2+ 24. Kxg2 f6 25. Nf3 Nd5 26. Rfe1 Nb4 27. Rec1
dxe3 28. dxe3 Nd5 29. Re1 Nc3 30. a4 a5 31. Rf1 Kf7 32. Rf2 Ne4 33. Rff1 Rd6
34. Rad1 Rcd8 35. Rxd6 Rxd6 36. Re1 Ke7 37. Kf1 Rd5 38. Re2 c4 39. bxc4 Rc5 40.
Nd2 Nxd2+ 41. Rxd2 Rxc4 42. Ke2 Rxa4 43. Rd3 Rc4 44. Kd2 b5 45. Kc1 Rc5 46. Kb2
h5 47. h3 Rd5 48. Ra3 b4 49. Ra2 Rc5 50. Ra1 h4 51. Kb3 Kd7 52. Rd1+ Kc7 53.
Ka4 Rxc2 54. Kxa5 b3 55. Rd3 b2 56. Rb3 Kc6 57. Kb4 Kd5 58. Ka3 Ke4 59. Ka2 Re2
60. Rb6 Rxe3 61. Rxe6+ Kxf4 62. Rxf6+ Kg5 63. Rb6 Rxh3 64. Rb4 Rh2 65. Kb1 Rg2
0-1

[Event "3. Wittelsbacher Weihnachts-Schach-Open"]
[Site "Kelheim"]
[Date "2014.12.27"]
[Round "1.30"]
[White "Seitner, Ralf"]
[Black "Pfenning, Uwe"]
[Result "1-0"]
[WhiteElo "2110"]
[BlackElo "1804"]
[PlyCount "99"]
[EventDate "2014.??.??"]
[WhiteTeam "SK Ingolstadt"]
[BlackTeam "SG Ludwigsburg"]

1. d4 Nf6 2. c4 g6 3. Nc3 Bg7 4. e4 d6 5. Be2 O-O 6. Nf3 e5 7. O-O Nbd7 8. Re1
Re8 9. Bf1 exd4 10. Nxd4 Nc5 11. f3 a6 12. Be3 Rb8 13. Qd2 Bd7 14. Rad1 Ne6 15.
b3 Nxd4 16. Bxd4 b5 17. Nd5 Nxd5 18. Bxg7 Kxg7 19. Qxd5 Be6 20. Qd4+ f6 21. c5
dxc5 22. Qxc5 Qe7 23. Rc1 Qxc5+ 24. Rxc5 Re7 25. Rec1 Rb7 26. Kf2 Bf7 27. R1c2
Be8 28. b4 c6 29. Rd2 Rbd7 30. Rcc2 Rxd2+ 31. Rxd2 Rd7 32. Rxd7+ Bxd7 33. Ke3
Kf7 34. Kd4 Ke7 35. Kc5 Be6 36. a3 Kd7 37. g3 Kc7 38. f4 Bg4 39. Bg2 Bd7 40. e5
fxe5 41. fxe5 g5 42. h4 h6 43. Be4 gxh4 44. gxh4 Be8 45. e6 Kb7 46. Kd6 Kb6 47.
Bf5 Bh5 48. Be4 a5 49. Bxc6 axb4 50. axb4 1-0

[Event "3. Wittelsbacher Weihnachts-Schach-Open"]
[Site "Kelheim"]
[Date "2014.12.27"]
[Round "1.31"]
[White "Meul, Willi"]
[Black "Kucera, Petr"]
[Result "0-1"]
[WhiteElo "1885"]
[BlackElo "1974"]
[PlyCount "48"]
[EventDate "2014.??.??"]
[WhiteTeam "SV Hürth-Berrenrath"]
[BlackTeam "Bystrc Oilers"]

1. d4 Nf6 2. Nf3 e6 3. e3 c5 4. Bd3 Nc6 5. c3 b6 6. Nbd2 Bb7 7. O-O Qc7 8. Re1
d6 9. a3 a6 10. e4 e5 11. d5 Ne7 12. a4 Ng6 13. c4 Be7 14. Nf1 O-O 15. Bd2 Rfb8
16. Qc2 Bc8 17. Ne3 Ra7 18. Bf1 h6 19. h3 Bd7 20. Nf5 Bf8 21. Ra3 Qd8 22. N3h4
Nxh4 23. Nxh4 g5 24. Rg3 Nh5 0-1

[Event "3. Wittelsbacher Weihnachts-Schach-Open"]
[Site "Kelheim"]
[Date "2014.12.27"]
[Round "1.32"]
[White "Bartonicek, Zdenek"]
[Black "Loebel, Petra"]
[Result "1/2-1/2"]
[WhiteElo "2072"]
[BlackElo "1787"]
[PlyCount "60"]
[EventDate "2014.??.??"]
[WhiteTeam "TSV Kirchenlaibach"]
[BlackTeam "SC Noris-Tarrasch Nürnberg"]

1. e4 e6 2. d4 d5 3. Nd2 Nf6 4. e5 Nfd7 5. Bd3 c5 6. c3 Nc6 7. Ne2 cxd4 8. cxd4
f6 9. exf6 Nxf6 10. O-O Bd6 11. Nf3 Qc7 12. Ng3 O-O 13. Re1 Bd7 14. Bd2 e5 15.
dxe5 Nxe5 16. Nxe5 Bxe5 17. Rc1 Qd6 18. Qb3 a5 19. Bc3 Bxg3 20. hxg3 Ng4 21. f3
Qc5+ 22. Kh1 Nf2+ 23. Kh2 Nxd3 24. Qxb7 Qc6 25. Re7 Qh6+ 26. Kg1 Qxc1+ 27. Kh2
Qh6+ 28. Kg1 Qc1+ 29. Kh2 Qh6+ 30. Kg1 Qc1+ 1/2-1/2

[Event "3. Wittelsbacher Weihnachts-Schach-Open"]
[Site "Kelheim"]
[Date "2014.12.27"]
[Round "1.33"]
[White "Meckel, Helmut"]
[Black "Müller, Daniel"]
[Result "0-1"]
[WhiteElo "1828"]
[BlackElo "2045"]
[PlyCount "102"]
[EventDate "2014.??.??"]
[WhiteTeam "SG Solingen"]
[BlackTeam "TG Biberach"]

1. b4 e5 2. Bb2 Bxb4 3. Bxe5 Nf6 4. c4 O-O 5. Nf3 Nc6 6. Bb2 d5 7. cxd5 Nxd5 8.
e3 Re8 9. Be2 Re6 10. O-O Rg6 11. Kh1 h5 12. Ba3 h4 13. Bxb4 Ndxb4 14. d4 h3
15. g3 Bg4 16. a3 Nd5 17. Nh4 Bxe2 18. Qxe2 Rh6 19. Nd2 Qd7 20. Nhf3 Re8 21.
Qc4 Nf6 22. Rab1 Rh5 23. Rb5 Rxb5 24. Qxb5 b6 25. Rc1 Re6 26. e4 a6 27. Qc4 Na5
28. Qxc7 Qb5 29. d5 Re8 30. Ng5 Rf8 31. Nc4 Nxd5 32. Qe5 Nxc4 33. Qxd5 Nxa3 34.
Nxh3 Qxd5 35. exd5 Rd8 36. Ng5 f6 37. Ne6 Rxd5 38. Rc7 g5 39. Rc6 Rb5 40. Kg2
a5 41. Nd4 Rb4 42. Nf5 Kf7 43. Nd6+ Ke6 44. Nb7+ Ke5 45. Nd8 Nc4 46. Re6+ Kf5
47. h4 gxh4 48. gxh4 Ne5 49. Rd6 Ng6 50. h5 Nf4+ 51. Kf1 Rb1+ 0-1

[Event "3. Wittelsbacher Weihnachts-Schach-Open"]
[Site "Kelheim"]
[Date "2014.12.27"]
[Round "1.34"]
[White "Lautner, Juergen"]
[Black "Grasser, Martin"]
[Result "1/2-1/2"]
[WhiteElo "1932"]
[BlackElo "1895"]
[PlyCount "67"]
[EventDate "2014.??.??"]
[WhiteTeam "1.FC Schwarzenfeld"]
[BlackTeam "Regensb. Turnerschaft"]

1. c4 c5 2. g3 g6 3. Bg2 Bg7 4. Nc3 Nc6 5. a3 Nf6 6. Rb1 a5 7. Nf3 O-O 8. O-O
d5 9. cxd5 Nxd5 10. Nxd5 Qxd5 11. d3 e5 12. Ng5 Qa2 13. Be3 Nd4 14. Ne4 Bg4 15.
Nc3 Qe6 16. Bxb7 Rab8 17. Bg2 Rb6 18. Re1 Rfb8 19. Qa4 Qc8 20. Bxd4 cxd4 21.
Nd5 R6b7 22. Qxa5 Qd7 23. Qd2 Rb5 24. Nb4 Qd6 25. Rec1 Qf8 26. Rc7 Bh6 27. Qc2
Be6 28. Nc6 Bb3 29. Ne7+ Qxe7 30. Qc6 Qe8 31. Qxe8+ Rxe8 32. Bc6 Reb8 33. Bxb5
Rxb5 34. a4 1/2-1/2

[Event "3. Wittelsbacher Weihnachts-Schach-Open"]
[Site "Kelheim"]
[Date "2014.12.27"]
[Round "1.35"]
[White "Schilay, Lorenz"]
[Black "Seidenschwarz, Holger"]
[Result "1-0"]
[WhiteElo "1719"]
[BlackElo "1976"]
[PlyCount "105"]
[EventDate "2014.??.??"]
[WhiteTeam "SK Neumarkt"]
[BlackTeam "SK Kelheim"]

1. e4 e6 2. Nf3 d5 3. Nc3 Nf6 4. e5 Nfd7 5. d4 c5 6. dxc5 Bxc5 7. Bd3 Nc6 8.
Bf4 a6 9. O-O Qc7 10. Qe2 Nd4 11. Nxd4 Bxd4 12. Qg4 Kf8 13. Rae1 Bxe5 14. Bxe5
Nxe5 15. Qb4+ Kg8 16. Nxd5 exd5 17. f4 Be6 18. Rxe5 Rc8 19. Rfe1 g6 20. f5 gxf5
21. Bxf5 Qc5+ 22. Qxc5 Rxc5 23. Bxe6 fxe6 24. R1e2 Kg7 25. Rxe6 Rf8 26. Re7+
Rf7 27. c3 Rc4 28. Rxf7+ Kxf7 29. Re5 Rc5 30. Kf2 Kf6 31. Rh5 Kg6 32. g4 Rc4
33. h3 Rf4+ 34. Ke3 Rf1 35. Rxd5 Ra1 36. Kf4 Rf1+ 37. Kg3 Rb1 38. Rd6+ Kg7 39.
Rb6 Rg1+ 40. Kh4 Rg2 41. Kg5 Rh2 42. Rxb7+ Kg8 43. h4 Rf2 44. h5 a5 45. a3 Rf8
46. Kh4 Rf2 47. Rb5 Rh2+ 48. Kg5 Rd2 49. Rxa5 Rxb2 50. Rb5 Rd2 51. c4 Rd6 52.
a4 Rg6+ 53. Kh4 1-0

[Event "3. Wittelsbacher Weihnachts-Schach-Open"]
[Site "Kelheim"]
[Date "2014.12.27"]
[Round "1.36"]
[White "Weigert, Wilhelm"]
[Black "Karcher, Berthold"]
[Result "1-0"]
[WhiteElo "2040"]
[BlackElo "1861"]
[PlyCount "103"]
[EventDate "2014.??.??"]
[WhiteTeam "SK Kelheim"]
[BlackTeam "MSA Zugzwang"]

1. c4 Nf6 2. Nc3 g6 3. g3 Bg7 4. Bg2 c6 5. e4 d6 6. Nge2 e5 7. O-O O-O 8. d4
Nbd7 9. h3 a6 10. Be3 b5 11. b3 Bb7 12. Qd2 bxc4 13. dxe5 dxe5 14. bxc4 Qc7 15.
Rfd1 Rfd8 16. Qd6 Qa5 17. Rab1 Bf8 18. Qd2 Nc5 19. Nd5 Qxd2 20. Nxf6+ Kg7 21.
Ne8+ Rxe8 22. Rxd2 Bc8 23. Nc3 Be6 24. Bf1 f5 25. Rb6 Rec8 26. exf5 gxf5 27. h4
a5 28. Be2 Rab8 29. Rdb2 Nd7 30. Rxb8 Rxb8 31. Rxb8 Nxb8 32. Na4 Nd7 33. Kf1
Bb4 34. f3 Kg6 35. Bd3 h5 36. Kg2 Nf6 37. Nc5 Bc8 38. Bc2 Ne8 39. Ba4 Nd6 40.
Nd3 Nxc4 41. Ba7 Bb7 42. Nxb4 axb4 43. Bc5 Kf6 44. Bxb4 Ke6 45. Bb3 Kd5 46. Bc3
Ba6 47. Kf2 e4 48. fxe4+ fxe4 49. Bd1 e3+ 50. Ke1 Ke4 51. Bxh5 Kd3 52. Bf6 1-0

[Event "3. Wittelsbacher Weihnachts-Schach-Open"]
[Site "Kelheim"]
[Date "2014.12.27"]
[Round "1.37"]
[White "Strasser, Josef"]
[Black "Baur, Stephan"]
[Result "1/2-1/2"]
[WhiteElo "1874"]
[BlackElo "1938"]
[PlyCount "178"]
[EventDate "2014.??.??"]
[WhiteTeam "SU München"]
[BlackTeam "SK Kelheim"]

1. e4 d6 2. d4 Nf6 3. Nc3 g6 4. f4 Bg7 5. Nf3 c5 6. Be3 cxd4 7. Nxd4 O-O 8. Be2
Nc6 9. O-O Bd7 10. Bf3 Rc8 11. Nb3 a6 12. Nd5 Nxd5 13. exd5 Na5 14. Nxa5 Qxa5
15. c3 b5 16. Bd4 Bxd4+ 17. Qxd4 Rc4 18. Qe3 Re8 19. a3 Qc7 20. Rfe1 Qc5 21.
Qxc5 Rxc5 22. Re3 Bf5 23. a4 a5 24. Kf2 b4 25. Ke2 bxc3 26. Rxc3 Rb8 27. Rxc5
Rxb2+ 28. Ke3 dxc5 29. Rc1 Rc2 30. Ra1 Rc4 31. Be2 Re4+ 32. Kf3 Rd4 33. Bb5
Be4+ 34. Kf2 Bxd5 35. Rc1 c4 36. g3 f6 37. Rc2 Kf7 38. Ke3 e5 39. Rd2 Rxd2 40.
Kxd2 exf4 41. gxf4 Ke6 42. Kc3 Kf5 43. Bxc4 Bxc4 44. Kxc4 Kxf4 45. Kb5 Ke3 46.
Kxa5 f5 47. Kb6 f4 48. a5 f3 49. a6 f2 50. a7 f1=Q 51. a8=Q Qb1+ 52. Kc7 Qc2+
53. Kb6 Qxh2 54. Qa3+ Ke4 55. Qb4+ Kf5 56. Qf8+ Kg4 57. Qc8+ Kf3 58. Qc6+ Kg3
59. Qc7+ Kg2 60. Qb7+ Kg1 61. Qd5 Qf2+ 62. Kc7 Qf4+ 63. Kb6 Qb8+ 64. Ka6 Qc8+
65. Ka7 Qc7+ 66. Ka6 Kf2 67. Qd2+ Kg3 68. Qe3+ Kg4 69. Qd4+ Qf4 70. Qd7+ Kg5
71. Qxh7 Qf6+ 72. Ka5 Kf4 73. Qh2+ Ke4 74. Qc2+ Ke5 75. Qc5+ Ke6 76. Qc4+ Kf5
77. Qd3+ Kg5 78. Qg3+ Kh6 79. Qh3+ Kg7 80. Kb4 g5 81. Kc4 Qf4+ 82. Kd3 g4 83.
Qe3 Qxe3+ 84. Kxe3 Kg6 85. Kf4 Kh5 86. Kg3 Kg5 87. Kg2 Kh4 88. Kh2 g3+ 89. Kg2
Kg4 1/2-1/2

[Event "3. Wittelsbacher Weihnachts-Schach-Open"]
[Site "Kelheim"]
[Date "2014.12.27"]
[Round "1.38"]
[White "Müller, Johannes"]
[Black "Klausmann, Leonard"]
[Result "1-0"]
[WhiteElo "1768"]
[BlackElo "1504"]
[PlyCount "63"]
[EventDate "2014.??.??"]
[WhiteTeam "SK Kelheim"]
[BlackTeam "TSV Kareth-Lappersdorf"]

1. d4 Nf6 2. c4 e5 3. dxe5 Ng4 4. Bf4 g5 5. Bg3 Bg7 6. Nf3 Nc6 7. h4 Ngxe5 8.
Nxe5 Nxe5 9. Nc3 Nxc4 10. Qc2 d6 11. Qa4+ c6 12. Qxc4 Be6 13. Qb4 c5 14. Qa4+
Bd7 15. Qc2 Qa5 16. Bxd6 O-O-O 17. O-O-O Bxc3 18. Qxc3 Qxa2 19. Qxc5+ Bc6 20.
Rd3 Qa1+ 21. Kc2 Rxd6 22. Rxd6 Qa4+ 23. Kb1 Qe4+ 24. Ka1 Qa4+ 25. Qa3 Qf4 26.
Rxc6+ bxc6 27. e3 Qg4 28. Ba6+ Kc7 29. Qa5+ Kd7 30. f3 Qxg2 31. Rd1+ Ke7 32.
Qe5+ 1-0

[Event "3. Wittelsbacher Weihnachts-Schach-Open"]
[Site "Kelheim"]
[Date "2014.12.27"]
[Round "1.39"]
[White "Schulz, Angelika"]
[Black "Link, Robert"]
[Result "0-1"]
[WhiteElo "1503"]
[BlackElo "1792"]
[PlyCount "40"]
[EventDate "2014.??.??"]
[WhiteTeam "SV Erkenschwick"]
[BlackTeam "SK Klingenberg"]

1. Nf3 d5 2. c4 c6 3. d4 e6 4. a3 dxc4 5. e4 b5 6. Bg5 Be7 7. Bxe7 Nxe7 8. g3
Bb7 9. Bg2 O-O 10. O-O Nd7 11. Nc3 a6 12. Qc2 c5 13. Rad1 cxd4 14. Rxd4 Nc6 15.
Rd6 Qe7 16. Rfd1 Nc5 17. e5 Nd3 18. R1xd3 cxd3 19. Qxd3 Rad8 20. h4 Nxe5 0-1

[Event "3. Wittelsbacher Weihnachts-Schach-Open"]
[Site "Kelheim"]
[Date "2014.12.27"]
[Round "1.40"]
[White "Stierle, Martin"]
[Black "Huchler Stefan"]
[Result "1-0"]
[WhiteElo "1894"]
[BlackElo "1488"]
[PlyCount "108"]
[EventDate "2014.??.??"]
[WhiteTeam "SG Donautal Tuttlingen"]
[BlackTeam "SK Hohenems"]

1. d4 Nf6 2. c4 e6 3. g3 Bb4+ 4. Bd2 c5 5. Bxb4 cxb4 6. Bg2 Qa5 7. Nd2 O-O 8.
Ngf3 d5 9. O-O Qd8 10. Qc2 Re8 11. Rfd1 Bd7 12. Ne5 Nc6 13. Nxd7 Qxd7 14. Nf3
Rac8 15. Rac1 dxc4 16. Qxc4 a5 17. Qd3 h6 18. e3 Qe7 19. Qb5 Rb8 20. Nd2 Nd5
21. Bxd5 exd5 22. Qxd5 Rbd8 23. Qc5 Qe6 24. Qc4 Qf5 25. Kg2 h5 26. Nf3 Rd6 27.
Qd3 Qf6 28. Rc5 g6 29. Qb5 Qe7 30. Ne5 h4 31. Nxc6 Qe4+ 32. Kg1 h3 33. Qf1 bxc6
34. Qxh3 Kg7 35. Qg2 Qe6 36. Rxa5 Qg4 37. f3 Qe6 38. Re5 Qd7 39. Rxe8 Qxe8 40.
Qd2 c5 41. d5 Qe5 42. e4 Qh5 43. Kg2 Rf6 44. f4 Ra6 45. Ra1 Ra8 46. d6 Rh8 47.
h4 Qg4 48. Rh1 Qd7 49. a3 Qc6 50. Qd3 Rd8 51. Rd1 Re8 52. Qd5 Qb5 53. Kf3 bxa3
54. bxa3 c4 1-0

[Event "3. Wittelsbacher Weihnachts-Schach-Open"]
[Site "Kelheim"]
[Date "2014.12.27"]
[Round "1.41"]
[White "Glück, Ulrich"]
[Black "Gabler, Eric"]
[Result "1/2-1/2"]
[WhiteElo "1713"]
[BlackElo "1864"]
[PlyCount "81"]
[EventDate "2014.??.??"]
[WhiteTeam "MSA Zugzwang"]
[BlackTeam "TV Geiselhöring"]

1. d4 d5 2. c4 c6 3. Nc3 Nf6 4. Nf3 e6 5. cxd5 exd5 6. Bg5 h6 7. Bf4 Bf5 8. a3
Nbd7 9. e3 Nh5 10. Bg3 Nxg3 11. hxg3 Bd6 12. Bd3 Bxd3 13. Qxd3 Nf6 14. b4 a6
15. e4 dxe4 16. Nxe4 Qe7 17. Nfd2 O-O 18. Kf1 Rad8 19. Nxf6+ Qxf6 20. Nf3 Rd7
21. Rd1 Rfd8 22. Rh4 a5 23. b5 Bc7 24. bxc6 bxc6 25. Re4 Re7 26. Rxe7 Qxe7 27.
Qc2 Qxa3 28. Qxc6 Bd6 29. Qc2 Rb8 30. Ne5 Bxe5 31. dxe5 Re8 32. Kg1 g6 33. Qc7
a4 34. Rd7 Qb3 35. Rd8 Qe6 36. Qa5 Qe7 37. Rxe8+ Qxe8 38. f4 Qc6 39. Kh2 Kg7
40. Kh3 h5 41. Kh4 1/2-1/2

[Event "3. Wittelsbacher Weihnachts-Schach-Open"]
[Site "Kelheim"]
[Date "2014.12.27"]
[Round "1.42"]
[White "Schmitz, Marc"]
[Black "Kirsch, Reimund"]
[Result "1/2-1/2"]
[WhiteElo "1741"]
[BlackElo "1792"]
[PlyCount "28"]
[EventDate "2014.??.??"]
[WhiteTeam "SV Saal/Donau"]
[BlackTeam "SC Beilngries"]

1. d4 Nf6 2. c4 g6 3. Nc3 d5 4. cxd5 Nxd5 5. e4 Nxc3 6. bxc3 Bg7 7. Bc4 O-O 8.
Ne2 c5 9. O-O cxd4 10. cxd4 Nc6 11. Be3 Qc7 12. Rc1 Rd8 13. Qd2 e6 14. Rfd1 Qd7
1/2-1/2

[Event "3. Wittelsbacher Weihnachts-Schach-Open"]
[Site "Kelheim"]
[Date "2014.12.27"]
[Round "1.43"]
[White "Guckes, Fabian"]
[Black "Koellner, Ulrich"]
[Result "0-1"]
[WhiteElo "1524"]
[BlackElo "1890"]
[PlyCount "88"]
[EventDate "2014.??.??"]
[WhiteTeam "SV Worms"]
[BlackTeam "SV Hofheim"]

1. e4 c6 2. d4 d5 3. Nc3 dxe4 4. Bc4 Nf6 5. f3 exf3 6. Nxf3 e6 7. O-O Be7 8.
Qe2 O-O 9. Ne4 Nxe4 10. Qxe4 Nd7 11. Bd3 Nf6 12. Qh4 g6 13. Ng5 Nh5 14. g4
Qxd4+ 15. Kg2 e5 16. Nf3 Bxh4 17. Nxd4 Bxg4 18. h3 exd4 19. hxg4 Ng7 20. Rh1
Be7 21. Bh6 Rfe8 22. Bxg7 Kxg7 23. Rhe1 Bd6 24. Kf3 Re5 25. Rxe5 Bxe5 26. Re1
f6 27. g5 h5 28. gxf6+ Kxf6 29. Bxg6 Kxg6 30. Rxe5 Rf8+ 31. Kg3 Rf7 32. Re4 c5
33. b4 b6 34. bxc5 bxc5 35. Re5 Rf5 36. Re7 a5 37. Ra7 Rg5+ 38. Kh3 c4 39. Rc7
c3 40. Rd7 Rg4 41. Rd6+ Kf5 42. Rd5+ Ke4 43. Rxh5 Rg1 44. Rh8 Rh1+ 0-1

[Event "3. Wittelsbacher Weihnachts-Schach-Open"]
[Site "Kelheim"]
[Date "2014.12.27"]
[Round "1.44"]
[White "Urban, Rudolf"]
[Black "Simon, Manuel"]
[Result "1-0"]
[WhiteElo "1873"]
[BlackElo "1609"]
[PlyCount "61"]
[EventDate "2014.??.??"]
[WhiteTeam "SC Roter Turm Altstadt"]
[BlackTeam "SK Mömbris"]

1. d4 Nf6 2. Bf4 d5 3. Nd2 Bf5 4. e3 e6 5. Ngf3 Nbd7 6. Be2 Be7 7. O-O O-O 8.
h3 c5 9. c3 Rc8 10. Nh4 Qb6 11. Nxf5 exf5 12. Qb3 cxd4 13. exd4 Rfe8 14. Bd3
Qxb3 15. axb3 a6 16. Bxf5 Rc6 17. Rfe1 g6 18. Bd3 Re6 19. Rxe6 fxe6 20. Re1 Bf8
21. Nf3 Bg7 22. g4 Nb6 23. Ng5 Nfd7 24. Rxe6 Rf8 25. Bd6 Rd8 26. Bc7 Rf8 27.
Bxb6 h6 28. Bxg6 hxg5 29. Bc7 Nf6 30. Be5 Kh8 31. Rb6 1-0

[Event "3. Wittelsbacher Weihnachts-Schach-Open"]
[Site "Kelheim"]
[Date "2014.12.27"]
[Round "1.45"]
[White "Krause, Karl-Heinz"]
[Black "Blank, Stefan"]
[Result "0-1"]
[WhiteElo "1474"]
[BlackElo "1827"]
[PlyCount "125"]
[EventDate "2014.??.??"]
[WhiteTeam "SK Landau-Dingolfing"]
[BlackTeam "SC Sulzbach"]

1. e4 c5 2. Nc3 g6 3. Bc4 Bg7 4. Nf3 Nf6 5. e5 Ng4 6. Bxf7+ Kxf7 7. Ng5+ Kg8 8.
Qxg4 Bxe5 9. d3 Nc6 10. Qc4+ e6 11. Nf3 d6 12. O-O Bf6 13. Bh6 Qe7 14. Rae1 Bg7
15. Bg5 Qf7 16. Nb5 Bf8 17. c3 a6 18. Na3 h6 19. Bd2 b5 20. Qf4 e5 21. Qxf7+
Kxf7 22. h3 Be6 23. b3 Bg7 24. Nh2 Rhf8 25. Ng4 g5 26. f3 Kg6 27. Nf2 Rfb8 28.
Nc2 c4 29. dxc4 bxc4 30. b4 d5 31. Rc1 a5 32. a3 axb4 33. axb4 Bf5 34. Ne3 Be6
35. Nc2 Ra2 36. Rfd1 Na7 37. Be3 Nb5 38. Ne1 Ra3 39. Bc5 Nxc3 40. Rd2 Nb5 41.
g4 Rba8 42. Kg2 d4 43. Ne4 c3 44. Rf2 Bc4 45. Kg3 d3 46. h4 gxh4+ 47. Kxh4 d2
48. Nxd2 cxd2 49. Rxd2 Bf6+ 50. Kg3 Bg5 51. Rxc4 Bxd2 52. Ng2 Rd3 53. Bb6 Rf8
54. Nh4+ Kg5 55. Bf2 Nd4 56. Bxd4 Rxd4 57. Rc6 Be1+ 58. Kh3 Bxh4 59. Rc2 Rxf3+
60. Kg2 Rg3+ 61. Kh2 Rdxg4 62. Re2 Rd4 63. Rc2 0-1

[Event "3. Wittelsbacher Weihnachts-Schach-Open"]
[Site "Kelheim"]
[Date "2014.12.27"]
[Round "1.46"]
[White "Lohr, Werner"]
[Black "Fritsch, Julian"]
[Result "1-0"]
[WhiteElo "1735"]
[BlackElo "1346"]
[PlyCount "75"]
[EventDate "2014.??.??"]
[WhiteTeam "TSV Mainburg"]
[BlackTeam "SK Kelheim"]

1. e4 d6 2. d4 g6 3. Nf3 Nf6 4. Bd3 Bg7 5. h3 O-O 6. Be3 e5 7. d5 c6 8. c4 Nh5
9. Nc3 f5 10. Qe2 fxe4 11. Bxe4 Nf4 12. Qf1 c5 13. g3 Nh5 14. Qg2 Qa5 15. a3
Bf5 16. Nd2 Bxe4 17. Ndxe4 Qb6 18. O-O Nd7 19. b4 Nhf6 20. bxc5 Nxc5 21. Na4
Qc7 22. Naxc5 dxc5 23. Nxc5 b6 24. Ne6 Qxc4 25. Nxf8 Rxf8 26. Rfd1 Rd8 27. Bg5
e4 28. Qf1 Qxf1+ 29. Kxf1 Rxd5 30. Bxf6 Rxd1+ 31. Rxd1 Bxf6 32. Rd7 a5 33. Rd6
Bb2 34. a4 Bc1 35. Ke2 Kg7 36. Rxb6 Ba3 37. Re6 h5 38. Rxe4 1-0

[Event "3. Wittelsbacher Weihnachts-Schach-Open"]
[Site "Kelheim"]
[Date "2014.12.27"]
[Round "1.47"]
[White "Voigt, Tobias"]
[Black "Goderbauer, Josef"]
[Result "0-1"]
[WhiteElo "1582"]
[BlackElo "1735"]
[PlyCount "72"]
[EventDate "2014.??.??"]
[WhiteTeam "SK München Südost"]
[BlackTeam "SC Moosburg"]

1. d4 Nf6 2. Bf4 g6 3. Nf3 Bg7 4. e3 d6 5. h3 a6 6. c3 b5 7. Nbd2 Bb7 8. Bd3
Nbd7 9. Qc2 c5 10. Ne4 Rc8 11. dxc5 Nxe4 12. Bxe4 Bxe4 13. Qxe4 Nxc5 14. Qd5
Na4 15. O-O Nxb2 16. Ng5 O-O 17. Qb7 Bxc3 18. Qxa6 Nd3 19. Rab1 Nxf4 20. exf4
b4 21. Qd3 d5 22. f5 e6 23. fxg6 Qxg5 24. gxh7+ Kh8 25. Rfd1 Qg6 26. Qe3 Kxh7
27. Rxb4 Bxb4 28. Rd4 Be7 29. Rg4 Qf5 30. Rf4 Qb1+ 31. Kh2 Bd6 32. g3 Bxf4 33.
Qxf4 Qg6 34. Qh4+ Kg8 35. a3 Rc2 36. Qf4 Rfc8 0-1

[Event "3. Wittelsbacher Weihnachts-Schach-Open"]
[Site "Kelheim"]
[Date "2014.12.27"]
[Round "1.48"]
[White "Bartmann, Florian"]
[Black "Rangs, Uwe"]
[Result "1/2-1/2"]
[WhiteElo "1734"]
[BlackElo "1429"]
[PlyCount "48"]
[EventDate "2014.??.??"]
[WhiteTeam "SK Kelheim"]
[BlackTeam "SC Tarrasch München"]

1. e4 c6 2. d4 d5 3. e5 Bf5 4. Bd3 Bxd3 5. Qxd3 e6 6. f4 Qd7 7. Nf3 c5 8. Be3
cxd4 9. Nxd4 Nc6 10. c3 Bc5 11. Nxe6 Bxe3 12. Nxg7+ Kf8 13. Qxe3 Kxg7 14. O-O
Qf5 15. Nd2 f6 16. Rae1 Re8 17. Nf3 Nge7 18. Nh4 Qg4 19. exf6+ Kxf6 20. f5 Qxh4
21. Qe6+ Kg5 22. Qe3+ Kf6 23. Qe6+ Kg5 24. Qe3+ Kf6 1/2-1/2